LEADER 03420nam 2200505 a 450 001 9910208831903321 005 20230414224119.0 010 $a1-118-54244-4 010 $a1-118-54246-0 010 $a1-299-15952-4 010 $a1-118-54247-9 035 $a(CKB)3230000000207150 035 $a(StDuBDS)AH24971534 035 $a(MiAaPQ)EBC1124442 035 $a(Au-PeEL)EBL1124442 035 $a(CaPaEBR)ebr10658419 035 $a(CaONFJC)MIL447202 035 $a(OCoLC)828299320 035 $a(EXLCZ)993230000000207150 100 $a20120815d2013 uy 0 101 0 $aeng 135 $aur||||||||||| 200 00$aChronic total occlusions$b[electronic resource] $ea guide to recanalization /$fedited by Ron Waksman, Shigeru Saito 205 $a2nd ed. 210 $aChichester [England] $cWiley-Blackwell$d2013 215 $a1 online resource (320 p.) 311 $a0-470-65854-1 320 $aIncludes bibliographical references and index. 327 $apt. 1. Pathology, indications, and review of clinical trials -- pt. 2. Imaging -- pt. 3. Wires technology -- pt. 4. Wires techniques -- pt. 5. Devices technology -- pt. 6. Complications -- pt. 7. Interesting cases. 330 $a"Chronic total occlusions continue to represent one of the greatest challenges to interventional cardiologists. " - Cardiovascular Research Foundation - Chronic Total Occlusions or CTOs can be found in 30% of patients with coronary artery disease. 330 $b"Chronic total occlusions continue to represent one of the greatest challenges to interventional cardiologists." - Cardiovascular Research Foundation - Chronic Total Occlusions or CTOs can be found in 30% of patients with coronary artery disease. Despite advances, CTOs remain one of the most frequently identified lesions in interventional cardiology yet least likely to be successfully treated. The prevalence of the disorder is vexing. The threat to your patients is significant. The condition is complex. And, treatment remains a challenge. Learn how to approach CTOs from internationally-recognized physician-educators Turn to Chronic Total Occlusions: A Guide to Recanalization, 2e for expert insight into the world of CTOs and clear, practical guidance you can apply directly and immediately in your cath lab. Offering the most comprehensive information available, this completely updated second edition provides you with: Full-color images from the diagnostic modalities that are essential in identifying CTOs Data on indications and efficacy from the most recent clinical trials Practical guidance on the selection and use of the latest wires and devices Even more tips and tricks from leading operators from the world's busiest centers Clinical cases to illustrate some of the more complex scenarios and common complications And more! Chronic Total Occlusions: A Guide to Recanalization, 2e is the guide you can count on to improve the CTO success rate at your facility. Order your copy today! 606 $aArterial occlusions 606 $aChronic diseases 615 0$aArterial occlusions. 615 0$aChronic diseases. 676 $a617.4/13 701 $aWaksman$b Ron$0931210 701 $aSaito$b Shigeru$f1950 Feb. 15-$0931211 801 0$bMiAaPQ 801 1$bMiAaPQ 801 2$bMiAaPQ 906 $aBOOK 912 $a9910208831903321 996 $aChronic total occlusions$92094840 997 $aUNINA LEADER 01795nam 2200457Ia 450 001 9910699369803321 005 20230902161557.0 035 $a(CKB)5470000002402216 035 $a(OCoLC)587705987 035 $a(EXLCZ)995470000002402216 100 $a20100330d2004 ua 0 101 0 $aeng 135 $aurmn||||||||| 181 $ctxt$2rdacontent 182 $cc$2rdamedia 183 $acr$2rdacarrier 200 10$aExtraction, cleanup, and gas chromatography/mass spectrometry analysis of sediments and tissues for organic contaminants$b[electronic resource] /$fCatherine A. Sloan ... [and others] 210 1$a[Seattle, Wash.] :$cU.S. Dept. of Commerce, National Oceanic and Atmospheric Administration, National Marine Fisheries Service,$d[2004] 215 $a1 online resource (xii, 47 pages) 225 1 $aNOAA technical memorandum NMFS-NWFSC ;$v59 300 $aTitle from PDF title screen (viewed on Mar. 30, 2010). 300 $a"March 2004." 320 $aIncludes bibliographical references (page 47). 410 0$aNOAA technical memorandum NMFS-NWFSC ;$v59. 606 $aPollution$xMeasurement$xQuality control 606 $aEnvironmental sampling$xQuality control 606 $aGas chromatography 606 $aMass spectrometry 615 0$aPollution$xMeasurement$xQuality control. 615 0$aEnvironmental sampling$xQuality control. 615 0$aGas chromatography. 615 0$aMass spectrometry. 700 $aSloan$b Catherine A$01404650 712 02$aUnited States.$bNational Marine Fisheries Service. 712 02$aNorthwest Fisheries Science Center (U.S.) 801 0$bGPO 801 1$bGPO 906 $aBOOK 912 $a9910699369803321 996 $aExtraction, cleanup, and gas chromatography$93479626 997 $aUNINA